[Event "Untergrombach-ch 35th"]
[Site "Untergrombach"]
[Date "2018.01.02"]
[Round "1"]
[White "Zuse, Peter"]
[Black "Marcy, Harald"]
[Result "1-0"]
[WhiteElo "2222"]
[BlackElo "1889"]
[PlyCount "63"]
[EventDate "2018.01.02"]
[EventType "swiss"]
[EventRounds "7"]
[EventCountry "GER"]
[SourceTitle "CBM 182 Extra"]
[Source "ChessBase"]
[SourceDate "2018.02.23"]
[SourceVersion "1"]
[SourceVersionDate "2018.02.23"]
[SourceQuality "1"]

1. e4 c5 2. Nf3 d6 3. d4 cxd4 4. Nxd4 Nf6 5. Nc3 g6 6. Be3 Bg7 7. f3 0-0 8. Qd2 Nc6 9. 0-0-0 Re8 10. h4 a6 11. g4 h5 12. Nd5 Nxd5 13. exd5 Nxd4 14. Bxd4 Bxd4 15. Qxd4 e5 16. dxe6 Bxe6 17. gxh5 Qa5 18. hxg6 fxg6 19. Bc4 Qe5 20. Bxe6+ Rxe6 21. Qg4 Qf5 22. Qc4 Kg7 23. Rhe1 Rae8 24. Rxe6 Rxe6 25. Kb1 Qe5 26. a3 Kf6 27. Qc8 Re7 28. Qf8+ Ke6 29. Rg1 Qg7 30. Qc8+ Kf7 31. h5 g5 32. f4 1-0